00921nam a22002177a 450000500170000000700150001700800410003202000210007303500100009404000090010410000190011324500890013225600240022126000360024530000280028150602700030965000280057970000170060774000380062485600410066220240305165611.0cr|||| |||||210811s2005 ca |||||s|||| 00||0 eng d a978-155221-273-8 a34856 avLex1 aCassels, Jamie13aThe Law of Large-Scale Claimsh[Recurso electrónico] /cJamie Cassels, Craig Jones aServicio en línea aToronto:bIrwin Law Inc.,c2005 a1 recurso electrónico1 aDisponible solo en los productos indicadosdvLex GlobaldvLex Global (Academic Edition, excluding Law Schools)dvLex Global (U.S. Academic Edition, Law Schools)dvLex Global (U.S. Academic Edition, excluding Law Schools)dvLex Global (Academic Edition, Law Schools)04aDerecho CivilzCanadá1 aJones, Craig0 avLex Libros (Servicio en línea)40uhttps://app.vlex.com/#/sources/34856